Sociální stát v Československu právně-institucionální vývoj v letech 1918 - 1992

Salvato in:
Dettagli Bibliografici
Autore principale: Rákosník, Jakub
Altri autori: Tomeš, Igor
Natura: Libro
Lingua:ceco
Pubblicazione: Praha Auditorium 2012
Soggetti:
Tags: Aggiungi Tag
Nessun Tag, puoi essere il primo ad aggiungerne!!

MARC

LEADER 00000nam a2200000 4500
001 0185631
005 20220913090845.2
020 |a 978-80-87284-30-8 
041 0 |a cze 
044 |a CZ 
245 1 0 |a Sociální stát v Československu  |b právně-institucionální vývoj v letech 1918 - 1992  |c Jakub Rákosník, Igor Tomeš a kol. 
264 1 |a Praha  |b Auditorium  |c 2012 
300 |a 416 s. 
610 2 0 |a štát sociálny 
610 2 0 |a Československo 
610 2 0 |a história 
610 2 0 |a politika sociálna 
610 2 0 |a zamestnanosť 
610 2 0 |a zabezpečenie dôchodkové 
610 2 0 |a bývanie 
610 2 0 |a zdravie 
610 2 0 |a vzdelanie 
610 2 0 |a vzdelanosť 
610 2 0 |a rodina 
610 2 0 |a chudobní 
100 1 |a Rákosník, Jakub 
700 1 |a Tomeš, Igor